[Event "25th Abu Dhabi Master 2018"]
[Site "Abu Dhabi"]
[Date "2018.08.15"]
[Round "9"]
[White "Mammadzada, Gunay"]
[Black "Tabatabaei, M amin"]
[Result "*"]
[WhiteElo "2426"]
[BlackElo "2590"]
[Annotator "TA"]
[PlyCount "30"]
[EventDate "2018.08.05"]
[EventType "swiss"]
[EventCountry "UAE"]
[SourceTitle "playchess.com"]
[Source "ChessBase"]
[SourceQuality "1"]

1. e4 e5 2. Nf3 Nc6 3. Bb5 a6 4. Ba4 Nf6 5. d3 b5 6. Bb3 Bc5 7. c3 d6 8. Bg5 h6 9. Bh4 O-O 10. Nbd2 Be6 11. O-O Bb6 12. Re1 Bxb3 13. Nxb3 Nb8 14. d4 Nbd7 15. a4 Re8 *

[Event "25th Abu Dhabi Master 2018"]
[Site "Abu Dhabi"]
[Date "2018.08.15"]
[Round "9"]
[White "Akash G"]
[Black "Amin, Bassem"]
[Result "0-1"]
[WhiteElo "2410"]
[BlackElo "2684"]
[Annotator "TA"]
[PlyCount "88"]
[EventDate "2018.08.05"]
[EventType "swiss"]
[EventCountry "UAE"]
[SourceTitle "playchess.com"]
[Source "ChessBase"]
[SourceQuality "1"]

1. e4 e5 2. Nf3 Nc6 3. Bb5 a6 4. Ba4 Nf6 5. d3 d6 6. c4 g6 7. Nc3 Bg7 8. Nd5 Nd7 9. Bg5 f6 10. Be3 Nf8 11. d4 Ne6 12. Nb4 Bd7 13. Nxc6 bxc6 14. d5 cxd5 15. cxd5 Nc5 16. Bxc5 dxc5 17. O-O Rb8 18. Rc1 Bf8 19. Ne1 Rxb2 20. Bb3 c4 21. Bxc4 Rb6 22. Nd3 Bd6 23. Bb3 O-O 24. Nc5 Qe7 25. Ne6 Bxe6 26. dxe6 Kg7 27. Qd5 f5 28. f4 Rb5 29. Qc6 exf4 30. Qxa6 Re5 31. exf5 Rfxf5 32. Qc6 Qh4 33. Qc3 Bc5+ 34. Kh1 Be3 35. h3 Bxc1 36. Qxc7+ Kh6 37. Qxc1 Re3 38. Qd2 Rh5 39. Kg1 Rg5 40. Qf2 Reg3 41. Bd5 Rxd5 42. e7 Re5 43. Qd2 Rge3 44. Qd8 Qxe7 0-1

[Event "25th Abu Dhabi Master 2018"]
[Site "Abu Dhabi"]
[Date "2018.08.15"]
[Round "9"]
[White "Jonkman, Harmen"]
[Black "Gomes, Mary Ann"]
[Result "1-0"]
[WhiteElo "2404"]
[BlackElo "2303"]
[Annotator "NA"]
[PlyCount "79"]
[EventDate "2018.08.05"]
[EventType "swiss"]
[EventCountry "UAE"]
[SourceTitle "playchess.com"]
[Source "ChessBase"]
[SourceQuality "1"]

1. e4 c5 2. Nf3 d6 3. c3 Nf6 4. Be2 e6 5. O-O Be7 6. Re1 O-O 7. Bf1 e5 8. h3 Re8 9. d4 Qc7 10. Na3 a6 11. Nc4 b5 12. dxe5 dxe5 13. Ncxe5 Bd6 14. Nxf7 Kxf7 15. a4 Nbd7 16. axb5 Nb6 17. e5 Rxe5 18. Nxe5+ Bxe5 19. bxa6 Be6 20. Bg5 g6 21. Qe2 Bh2+ 22. Kh1 Bd5 23. c4 Nxc4 24. Bxf6 Kxf6 25. Rad1 Nb6 26. Rxd5 Nxd5 27. Qe6+ Kg7 28. Qxd5 Rd8 29. Qg5 Bd6 30. Bc4 Rf8 31. Re2 Rf4 32. b3 Rd4 33. Qc1 Bf4 34. Qa1 Kh6 35. g3 Qd7 36. Kh2 Rd1 37. Qf6 Bd6 38. Re4 Bxg3+ 39. Kxg3 Rg1+ 40. Kh2 1-0

[Event "25th Abu Dhabi Master 2018"]
[Site "Abu Dhabi"]
[Date "2018.08.15"]
[Round "9"]
[White "Raghunandan, Kaumandur Srihari"]
[Black "Patil, Pratik"]
[Result "1/2-1/2"]
[WhiteElo "2404"]
[BlackElo "2280"]
[Annotator "NA"]
[PlyCount "50"]
[EventDate "2018.08.05"]
[EventType "swiss"]
[EventCountry "UAE"]
[SourceTitle "playchess.com"]
[Source "ChessBase"]
[SourceQuality "1"]

1. Nf3 Nf6 2. g3 g6 3. b3 Bg7 4. Bb2 O-O 5. Bg2 d5 6. c4 c6 7. O-O Nbd7 8. d4 Ne4 9. Nc3 Ndf6 10. e3 Be6 11. Qe2 Rc8 12. Rfd1 Nxc3 13. Bxc3 Ne4 14. Bb2 b5 15. cxd5 cxd5 16. Ne5 Bxe5 17. dxe5 Qa5 18. Bd4 Rc7 19. Bf1 Rfc8 20. Qxb5 Qxb5 21. Bxb5 Rc2 22. Bd3 Nxf2 23. Bxc2 Rxc2 24. Rf1 Nh3+ 25. Kh1 a6 1/2-1/2

[Event "25th Abu Dhabi Master 2018"]
[Site "Abu Dhabi"]
[Date "2018.08.15"]
[Round "9"]
[White "Dimakiling, Oliver"]
[Black "Andersen, Mads"]
[Result "1-0"]
[WhiteElo "2401"]
[BlackElo "2601"]
[Annotator "TA"]
[PlyCount "139"]
[EventDate "2018.08.05"]
[EventType "swiss"]
[EventCountry "UAE"]
[SourceTitle "playchess.com"]
[Source "ChessBase"]
[SourceQuality "1"]

1. d4 Nf6 2. Bf4 g6 3. Nc3 d5 4. Qd2 Bg7 5. Bh6 Bxh6 6. Qxh6 c5 7. dxc5 Qa5 8. O-O-O Nc6 9. Nf3 Qxc5 10. e3 Bg4 11. Bb5 Bxf3 12. gxf3 a6 13. Bxc6+ bxc6 14. Rd3 e6 15. Rhd1 Qf8 16. Qf4 Qe7 17. Qa4 O-O 18. Qxc6 Rfc8 19. Qa4 Rc4 20. Qa5 Rh4 21. e4 dxe4 22. fxe4 Rxh2 23. e5 Ng4 24. Ne4 Qh4 25. Rd4 Kg7 26. Qc7 Nxf2 27. Nc5 Qg5+ 28. Kb1 Re8 29. Rc1 h5 30. a4 h4 31. Rd7 Qf5 32. Nb7 Rf8 33. Nd6 Qf4 34. Qb7 h3 35. Re7 Kg8 36. Rg1 Ng4 37. Nxf7 Rxf7 38. Rxf7 Qxf7 39. Qc8+ Kg7 40. Rxg4 Qe7 41. Rd4 Rf2 42. Rd7 Qf7 43. Qb7 h2 44. Rxf7+ Rxf7 45. Qg2 Rf2 46. Qh3 g5 47. b4 Kf7 48. Kb2 g4 49. Qh4 g3 50. Qxg3 Rxc2+ 51. Kxc2 h1=Q 52. Qf4+ Ke8 53. a5 Qd5 54. Kc3 Qd1 55. Qd4 Qc1+ 56. Kb3 Qb1+ 57. Kc4 Qf1+ 58. Qd3 Qf4+ 59. Kb3 Qxe5 60. Qxa6 Qd5+ 61. Qc4 Qd1+ 62. Qc2 Qd5+ 63. Ka4 e5 64. Qc5 Qd1+ 65. Kb5 Qd3+ 66. Qc4 e4 67. a6 Ke7 68. a7 Qd7+ 69. Kb6 Qd6+ 70. Kb7 1-0

[Event "25th Abu Dhabi Master 2018"]
[Site "Abu Dhabi"]
[Date "2018.08.15"]
[Round "9"]
[White "Muthaiah AL"]
[Black "Yuffa, Daniil"]
[Result "0-1"]
[WhiteElo "2391"]
[BlackElo "2570"]
[Annotator "ChessBase"]
[PlyCount "86"]
[EventDate "2018.08.05"]
[EventType "swiss"]
[EventCountry "UAE"]
[SourceTitle "playchess.com"]
[Source "ChessBase"]
[SourceQuality "1"]

1. Nf3 g6 2. d4 Nf6 3. g3 Bg7 4. Bg2 O-O 5. O-O d6 6. c4 Nbd7 7. Nc3 e5 8. e4 exd4 9. Nxd4 Re8 10. h3 a6 11. Be3 Rb8 12. a4 c6 13. Qc2 a5 14. Rad1 Qe7 15. Rfe1 Ra8 16. Nb3 b6 17. e5 Nxe5 18. Nd4 Bb7 19. f4 Nxc4 20. Bf2 Qd7 21. b3 Na3 22. Qc1 b5 23. Qxa3 b4 24. Qc1 bxc3 25. Qxc3 d5 26. Rxe8+ Qxe8 27. Qc5 Qd7 28. Qc2 Re8 29. Qd2 Ne4 30. Qxa5 h5 31. h4 Nxg3 32. Bxg3 Qg4 33. Rd3 Bxd4+ 34. Kh2 Re2 35. Rd2 Re3 36. Qd8+ Kg7 37. Qg5 Rxg3 38. Qxg4 Rxg4 39. Rxd4 c5 40. Rd2 Rxh4+ 41. Kg1 Rxf4 42. Bxd5 Bxd5 43. Rxd5 c4 0-1

[Event "25th Abu Dhabi Master 2018"]
[Site "Abu Dhabi"]
[Date "2018.08.15"]
[Round "9"]
[White "Raetsky, Alexander"]
[Black "Raahul V S"]
[Result "1/2-1/2"]
[WhiteElo "2380"]
[BlackElo "2277"]
[Annotator "NA"]
[PlyCount "62"]
[EventDate "2018.08.05"]
[EventType "swiss"]
[EventCountry "UAE"]
[SourceTitle "playchess.com"]
[Source "ChessBase"]
[SourceQuality "1"]

1. e4 e5 2. Bc4 Nf6 3. Nc3 Nc6 4. d3 Be7 5. f4 O-O 6. Nf3 exf4 7. Bxf4 Na5 8. a3 Nxc4 9. dxc4 d6 10. Qe2 Be6 11. O-O-O Nd7 12. Rhe1 Bf6 13. Nd5 Bxd5 14. exd5 Re8 15. Qxe8+ Qxe8 16. Rxe8+ Rxe8 17. Re1 Rxe1+ 18. Nxe1 Be5 19. Nd3 Bxf4+ 20. Nxf4 g5 21. Ne2 Kg7 22. Kd2 a6 23. Ke3 Ne5 24. Kd4 f5 25. c5 Kf6 26. cxd6 cxd6 27. c4 b6 28. b4 Nd7 29. h3 h5 30. g3 Ke7 31. Nc1 Kf6 1/2-1/2

[Event "25th Abu Dhabi Master 2018"]
[Site "Abu Dhabi"]
[Date "2018.08.15"]
[Round "9"]
[White "Kathmale, Sameer"]
[Black "Aaryan Varshney"]
[Result "1/2-1/2"]
[WhiteElo "2367"]
[BlackElo "2261"]
[Annotator "NA"]
[PlyCount "108"]
[EventDate "2018.08.05"]
[EventType "swiss"]
[EventCountry "UAE"]
[SourceTitle "playchess.com"]
[Source "ChessBase"]
[SourceQuality "1"]

1. e4 c5 2. Nc3 Nc6 3. Nf3 g6 4. d4 cxd4 5. Nxd4 Bg7 6. Nde2 d6 7. g3 Nf6 8. Bg2 O-O 9. O-O Bd7 10. h3 Rc8 11. Be3 a6 12. a4 Qc7 13. b3 Rfe8 14. Nd5 Nxd5 15. exd5 Bxa1 16. Qxa1 Nb4 17. Bh6 f6 18. c3 Nd3 19. Rd1 Ne5 20. Be3 Bf5 21. f4 Nd7 22. c4 Bc2 23. Rc1 Bxb3 24. Nd4 Nc5 25. f5 Bxa4 26. fxg6 hxg6 27. h4 Bd7 28. Qb1 Kf7 29. h5 Rg8 30. Bf3 Rb8 31. Kg2 Qc8 32. hxg6+ Kg7 33. Bh6+ Kxh6 34. Rh1+ Kg7 35. Rh7+ Kf8 36. g7+ Ke8 37. Rh8 Bh3+ 38. Rxh3 Kd8 39. Qb6+ Qc7 40. Rh8 Qxb6 41. Rxg8+ Kc7 42. Rxb8 Kxb8 43. g8=Q+ Ka7 44. Nf5 Nd3 45. Kh3 Qf2 46. Nxe7 Qxf3 47. Nc8+ Kb8 48. Nb6+ Ka7 49. Nc8+ Kb8 50. Nb6+ Ka7 51. Nc8+ Kb8 52. Nb6+ Ka7 53. Nc8+ Kb8 54. Nb6+ Ka7 1/2-1/2

[Event "25th Abu Dhabi Master 2018"]
[Site "Abu Dhabi"]
[Date "2018.08.15"]
[Round "9"]
[White "Soumya, Swaminathan"]
[Black "Pranav Anand"]
[Result "1-0"]
[WhiteElo "2361"]
[BlackElo "2260"]
[Annotator "NA"]
[PlyCount "81"]
[EventDate "2018.08.05"]
[EventType "swiss"]
[EventCountry "UAE"]
[SourceTitle "playchess.com"]
[Source "ChessBase"]
[SourceQuality "1"]

1. e4 e6 2. d4 d5 3. Nc3 Bb4 4. e5 b6 5. Qg4 Bf8 6. Nf3 Ba6 7. h4 Bxf1 8. Kxf1 h5 9. Qf4 c5 10. Ne2 Nc6 11. c3 Nge7 12. Ng5 Nf5 13. Ng3 Nxg3+ 14. fxg3 Qe7 15. Bd2 Nd8 16. Re1 f6 17. exf6 gxf6 18. Nh3 Bh6 19. Qf2 Bxd2 20. Qxd2 Kd7 21. Nf4 Qf7 22. dxc5 Kc6 23. Rxe6+ Qxe6 24. Nxe6 Nxe6 25. c4 Rhd8 26. cxb6 axb6 27. Qe2 Nd4 28. cxd5+ Rxd5 29. Qc4+ Kd6 30. Kf2 Nf5 31. Qb4+ Kd7 32. Rc1 Rxa2 33. Qxb6 Rd2+ 34. Kg1 Raxb2 35. Qc7+ Ke6 36. Qc8+ Ke5 37. Re1+ Kd4 38. Qd7+ Kc3 39. Rc1+ Kb3 40. Qb5+ Ka3 41. Qa5+ 1-0

[Event "25th Abu Dhabi Master 2018"]
[Site "Abu Dhabi"]
[Date "2018.08.15"]
[Round "9"]
[White "Wagh Suyog"]
[Black "Navalgund, Niranjan"]
[Result "0-1"]
[WhiteElo "2356"]
[BlackElo "2255"]
[Annotator "NA"]
[PlyCount "84"]
[EventDate "2018.08.05"]
[EventType "swiss"]
[EventCountry "UAE"]
[SourceTitle "playchess.com"]
[Source "ChessBase"]
[SourceQuality "1"]

1. Nf3 Nf6 2. g3 g6 3. d4 Bg7 4. Bg2 O-O 5. b3 c5 6. Bb2 cxd4 7. Bxd4 Nc6 8. Bb2 Re8 9. c4 e5 10. O-O d5 11. cxd5 Nxd5 12. Nfd2 f5 13. e4 Ndb4 14. a3 Nd3 15. Bc3 Nc5 16. b4 Ne6 17. Nc4 Ncd4 18. Bb2 f4 19. Nbd2 Ng5 20. h4 Nf7 21. Na5 g5 22. hxg5 fxg3 23. fxg3 Qxg5 24. Qe1 Qh5 25. Bxd4 exd4 26. Nab3 Ne5 27. Nf3 Ng4 28. Nh4 Ne3 29. Rf2 Bg4 30. Rc1 b6 31. Rd2 Rad8 32. Rc7 Be5 33. Rxa7 Qg5 34. Nc1 Bh5 35. Ne2 Rf8 36. Nf4 Rxf4 37. gxf4 Bxf4 38. Nf5 Nxf5 39. exf5 Re8 40. Qf1 Bxd2 41. Qc4+ Kf8 42. Qd5 Re1+ 0-1

[Event "25th Abu Dhabi Master 2018"]
[Site "Abu Dhabi"]
[Date "2018.08.15"]
[Round "9"]
[White "Rapport, Jovana"]
[Black "Krishnater Kushager"]
[Result "1/2-1/2"]
[WhiteElo "2354"]
[BlackElo "2256"]
[Annotator "NA"]
[PlyCount "46"]
[EventDate "2018.08.05"]
[EventType "swiss"]
[EventCountry "UAE"]
[SourceTitle "playchess.com"]
[Source "ChessBase"]
[SourceQuality "1"]

1. d4 g6 2. e4 Bg7 3. Nf3 d6 4. Be2 Nf6 5. Nc3 O-O 6. O-O a6 7. Re1 b5 8. e5 Nfd7 9. e6 fxe6 10. Ng5 Nf6 11. Bf3 Ra7 12. Qe2 Qd7 13. a3 Nc6 14. Nxe6 Qxe6 15. Qxe6+ Bxe6 16. Bxc6 Bd7 17. Nd5 Nxd5 18. Bxd7 Bxd4 19. Bh6 Rf6 20. Be6+ Rxe6 21. Rxe6 Be5 22. Rxe5 dxe5 23. Re1 Nf6 1/2-1/2

[Event "25th Abu Dhabi Master 2018"]
[Site "Abu Dhabi"]
[Date "2018.08.15"]
[Round "9"]
[White "Tokhirjonova, Gulrukhbegim"]
[Black "Maghsoodloo, Parham"]
[Result "0-1"]
[WhiteElo "2350"]
[BlackElo "2636"]
[Annotator "TA"]
[PlyCount "110"]
[EventDate "2018.08.05"]
[EventType "swiss"]
[EventCountry "UAE"]
[SourceTitle "playchess.com"]
[Source "ChessBase"]
[SourceQuality "1"]

1. e4 c5 2. Nf3 Nc6 3. Bb5 e6 4. O-O Nge7 5. Re1 a6 6. Bf1 d5 7. exd5 Nxd5 8. d4 Nf6 9. Be3 Be7 10. c4 O-O 11. Nc3 cxd4 12. Nxd4 Bd7 13. a3 Qc7 14. Qe2 Na5 15. Rac1 Rac8 16. Nb1 e5 17. Bf4 exf4 18. Qxe7 Qb6 19. Qb4 Qxd4 20. Qxa5 Qxb2 21. Nc3 Bc6 22. Bd3 b6 23. Qb4 Qxb4 24. axb4 Rfd8 25. Bf1 f3 26. g3 Kf8 27. Ra1 Ra8 28. Na4 Nd7 29. Red1 Bxa4 30. Rxa4 Ne5 31. Rda1 Rd4 32. h3 h5 33. c5 bxc5 34. bxc5 Rxa4 35. Rxa4 a5 36. g4 hxg4 37. hxg4 Ke7 38. Bb5 Ke6 39. Ra1 Kd5 40. Rc1 Rc8 41. Rd1+ Ke6 42. Rd6+ Ke7 43. Rd5 Nxg4 44. Rd7+ Ke6 45. Ra7 Ne5 46. c6 g5 47. Rxa5 f5 48. Ra3 g4 49. Rc3 Kd6 50. Kh2 f4 51. Ba4 Kc7 52. Rc5 g3+ 53. fxg3 Rh8+ 54. Kg1 f2+ 55. Kg2 f3+ 0-1

[Event "25th Abu Dhabi Master 2018"]
[Site "Abu Dhabi"]
[Date "2018.08.15"]
[Round "9"]
[White "Rathanvel, V S"]
[Black "Saduakassova, Dinara"]
[Result "1/2-1/2"]
[WhiteElo "2348"]
[BlackElo "2495"]
[Annotator "ChessBase"]
[PlyCount "48"]
[EventDate "2018.08.05"]
[EventType "swiss"]
[EventCountry "UAE"]
[SourceTitle "playchess.com"]
[Source "ChessBase"]
[SourceQuality "1"]

1. e4 e5 2. Nf3 Nc6 3. Bb5 g6 4. d4 exd4 5. c3 Bg7 6. cxd4 a6 7. Ba4 b5 8. Bc2 d6 9. h3 Nge7 10. O-O O-O 11. Nc3 Bb7 12. Bf4 Na5 13. Qc1 f5 14. Bg5 Qd7 15. Re1 Rae8 16. a3 fxe4 17. Nxe4 Rxf3 18. gxf3 Qxh3 19. Bxe7 Rxe7 20. Ng5 Qd7 21. Rxe7 Qxe7 22. Qe3 Qf6 23. f4 Bd5 24. Re1 Bf8 1/2-1/2

[Event "25th Abu Dhabi Master 2018"]
[Site "Abu Dhabi"]
[Date "2018.08.15"]
[Round "9"]
[White "Padmini, Rout"]
[Black "Alinasab, Mobina"]
[Result "1-0"]
[WhiteElo "2338"]
[BlackElo "2259"]
[Annotator "NA"]
[PlyCount "131"]
[EventDate "2018.08.05"]
[EventType "swiss"]
[EventCountry "UAE"]
[SourceTitle "playchess.com"]
[Source "ChessBase"]
[SourceQuality "1"]

1. e4 e6 2. d4 d5 3. Nc3 Nf6 4. e5 Nfd7 5. f4 c5 6. Nf3 Nc6 7. Be3 Rb8 8. Be2 cxd4 9. Nxd4 Bc5 10. Qd2 a6 11. O-O Nxd4 12. Bxd4 b5 13. Bxc5 Nxc5 14. b4 Nd7 15. Bd3 O-O 16. Rae1 f5 17. Qf2 Qe7 18. Rb1 Nb6 19. Ne2 Nc4 20. Nd4 Qc7 21. Rbe1 Bd7 22. g4 g6 23. gxf5 gxf5 24. Kh1 Kh8 25. Rg1 Qb6 26. Rg2 Rg8 27. Reg1 Rbf8 28. Rxg8+ Rxg8 29. Rxg8+ Kxg8 30. Qh4 Qxd4 31. Qd8+ Kf7 32. Qxd7+ Kf8 33. Qd8+ Kf7 34. Qf6+ Ke8 35. Qxe6+ Kd8 36. Qg8+ Kc7 37. Qxh7+ Kb8 38. Qg8+ Kb7 39. Kg2 Ne3+ 40. Kf3 Nxc2 41. Qh7+ Kb8 42. Qh8+ Kb7 43. Qg7+ Kb8 44. Qg8+ Kb7 45. Qf7+ Kb8 46. Qf8+ Kb7 47. Qe7+ Kb8 48. Qd8+ Kb7 49. Qd7+ Kb8 50. Qd6+ Kb7 51. Bxf5 Qd1+ 52. Kg3 Qg1+ 53. Kh4 Ne3 54. Bh3 Qf2+ 55. Kg5 Qg1+ 56. Kf6 Qf2 57. Qd7+ Kb8 58. Qd8+ Ka7 59. Qc7+ Ka8 60. Bd7 Qxf4+ 61. Kg6 Qe4+ 62. Kg5 Qg2+ 63. Kf6 Qf2+ 64. Kg6 Qg2+ 65. Kf7 Qf2+ 66. Ke8 1-0

[Event "25th Abu Dhabi Master 2018"]
[Site "Abu Dhabi"]
[Date "2018.08.15"]
[Round "9"]
[White "Aronyak Ghosh"]
[Black "Samant Aditya S"]
[Result "1-0"]
[WhiteElo "2318"]
[BlackElo "2217"]
[Annotator "NA"]
[PlyCount "99"]
[EventDate "2018.08.05"]
[EventType "swiss"]
[EventCountry "UAE"]
[SourceTitle "playchess.com"]
[Source "ChessBase"]
[SourceQuality "1"]

1. c4 e5 2. Nc3 Nf6 3. Nf3 Nc6 4. d4 exd4 5. Nxd4 Bb4 6. Bg5 O-O 7. e3 h6 8. Bh4 Ne5 9. Qc2 Ng6 10. Bg3 d6 11. Be2 Qe7 12. O-O Bxc3 13. Qxc3 Ne4 14. Qc2 Nxg3 15. hxg3 Ne5 16. Rfe1 Bd7 17. Rad1 Rfe8 18. Nb5 Bc6 19. Nc3 a5 20. Nd5 Bxd5 21. cxd5 b6 22. Rc1 Ra7 23. Bb5 Rd8 24. Red1 Ng4 25. Rd4 Qg5 26. Qe4 Nf6 27. Qd3 Ng4 28. Qd1 f5 29. Be2 Nf6 30. Bf3 Nd7 31. Rdc4 Nc5 32. b3 b5 33. Rf4 b4 34. Qd4 Re8 35. Rxc5 dxc5 36. Qxc5 Raa8 37. d6 cxd6 38. Qc4+ Kh8 39. Bxa8 Rxa8 40. Qd5 Rc8 41. Rxf5 Qg4 42. Rf4 Qg6 43. Qxa5 Kh7 44. g4 Rc5 45. Qxb4 Rc1+ 46. Kh2 Qg5 47. Qe4+ Kg8 48. Qe6+ Kh7 49. Qf5+ Qxf5 50. gxf5 1-0

[Event "25th Abu Dhabi Master 2018"]
[Site "Abu Dhabi"]
[Date "2018.08.15"]
[Round "9"]
[White "Sammed Jaykumar, Shete"]
[Black "Ikeda, Junta"]
[Result "0-1"]
[WhiteElo "2314"]
[BlackElo "2419"]
[Annotator "TA"]
[PlyCount "100"]
[EventDate "2018.08.05"]
[EventType "swiss"]
[EventCountry "UAE"]
[SourceTitle "playchess.com"]
[Source "ChessBase"]
[SourceQuality "1"]

1. e4 e5 2. Nc3 Nf6 3. g3 Bc5 4. Bg2 Nc6 5. Nge2 d6 6. Na4 Be6 7. Nxc5 dxc5 8. d3 c4 9. O-O cxd3 10. cxd3 Qd7 11. f4 O-O-O 12. fxe5 Nxe5 13. d4 Bg4 14. Be3 Nc4 15. Bf2 Bh3 16. Bxh3 Qxh3 17. Nf4 Qd7 18. Qc2 Nb6 19. a4 Kb8 20. a5 Nc8 21. d5 Rhe8 22. Rfe1 g5 23. Bd4 Nxe4 24. Nh5 Qxd5 25. Rad1 Nd2 26. Bxa7+ Nxa7 27. Rxe8 Rxe8 28. Qxd2 Qf3 29. Rc1 Qxh5 30. Qd7 Rc8 31. a6 Qe2 32. axb7 Qe3+ 33. Kg2 Qxc1 34. bxc8=Q+ Nxc8 35. Qxf7 Qxb2+ 36. Kh3 h6 37. Qh7 Qe2 38. Qb1+ Nb6 39. Qf5 Qe8 40. Qf6 Qd7+ 41. Kg2 Qd6 42. Qc3 Kb7 43. Qb2 c5 44. h4 gxh4 45. gxh4 c4 46. Qg7+ Kc6 47. Kf3 Nd5 48. Kg4 Qe6+ 49. Kg3 c3 50. h5 c2 0-1

[Event "25th Abu Dhabi Master 2018"]
[Site "Abu Dhabi"]
[Date "2018.08.15"]
[Round "9"]
[White "Karthik Kumar Pradeep"]
[Black "Priyanka, Kumari"]
[Result "1-0"]
[WhiteElo "2295"]
[BlackElo "2005"]
[Annotator "NA"]
[PlyCount "71"]
[EventDate "2018.08.05"]
[EventType "swiss"]
[EventCountry "UAE"]
[SourceTitle "playchess.com"]
[Source "ChessBase"]
[SourceQuality "1"]

1. e4 c5 2. Nf3 d6 3. c3 Nf6 4. g3 Nc6 5. d3 g6 6. Bg2 Bg7 7. O-O O-O 8. Re1 e5 9. a3 a6 10. b4 b6 11. Bb2 Bb7 12. Nbd2 Qc7 13. Rc1 Rac8 14. d4 Rfd8 15. d5 Ne7 16. c4 Nd7 17. Rf1 Rf8 18. h4 Ra8 19. h5 Nf6 20. hxg6 hxg6 21. Ng5 Bc8 22. Qe2 Nh5 23. Bh3 Bxh3 24. Nxh3 Qd7 25. Kg2 Bh6 26. f4 f6 27. Rf2 Rae8 28. Rh1 Kg7 29. Nf1 Rh8 30. f5 Bg5 31. Qg4 Qc8 32. Nxg5 fxg5 33. Qxg5 Nf6 34. fxg6 Neg8 35. Rxh8 Kxh8 36. Rxf6 1-0

[Event "25th Abu Dhabi Master 2018"]
[Site "Abu Dhabi"]
[Date "2018.08.15"]
[Round "9"]
[White "Shailesh, Dravid"]
[Black "Raja Rithvik R"]
[Result "1-0"]
[WhiteElo "2290"]
[BlackElo "2436"]
[Annotator "NA"]
[PlyCount "95"]
[EventDate "2018.08.05"]
[EventType "swiss"]
[EventCountry "UAE"]
[SourceTitle "playchess.com"]
[Source "ChessBase"]
[SourceQuality "1"]

1. e4 c5 2. Nf3 d6 3. d4 cxd4 4. Nxd4 Nf6 5. Nc3 a6 6. Bg5 e6 7. f4 h6 8. Bh4 Qb6 9. a3 Be7 10. Bf2 Qc7 11. Bd3 b5 12. Qe2 Bb7 13. O-O-O Nbd7 14. g4 Nc5 15. h4 d5 16. e5 Nfe4 17. Bxe4 Nxe4 18. Nxe4 dxe4 19. Rh3 Qc4 20. Qxc4 bxc4 21. Rc3 Bd5 22. Nf5 exf5 23. Rxd5 fxg4 24. Rxc4 e3 25. Bg3 g5 26. hxg5 hxg5 27. f5 Rd8 28. Rd1 Rxd1+ 29. Kxd1 Rh1+ 30. Ke2 Rg1 31. Rxg4 Rg2+ 32. Kxe3 Rxc2 33. f6 Bc5+ 34. Ke4 Rxb2 35. Rxg5 Bxa3 36. Rg8+ Kd7 37. Ra8 Rb6 38. Kf5 Bb2 39. Ra7+ Ke8 40. Re7+ Kf8 41. Bf4 Rb8 42. Rxf7+ Kxf7 43. e6+ Kf8 44. Bd6+ Kg8 45. Bxb8 Ba3 46. Kg6 Kf8 47. Bf4 Ke8 48. Bg5 1-0

[Event "25th Abu Dhabi Master 2018"]
[Site "Abu Dhabi"]
[Date "2018.08.15"]
[Round "9"]
[White "Jubin Jimmy"]
[Black "Arjun Kalyan"]
[Result "1-0"]
[WhiteElo "2267"]
[BlackElo "2390"]
[Annotator "NA"]
[PlyCount "137"]
[EventDate "2018.08.05"]
[EventType "swiss"]
[EventCountry "UAE"]
[SourceTitle "playchess.com"]
[Source "ChessBase"]
[SourceQuality "1"]

1. d4 d5 2. c4 c6 3. Nf3 Nf6 4. Nc3 e6 5. Bg5 Nbd7 6. e3 h6 7. Bh4 g5 8. Bg3 Nh5 9. Bd3 Nxg3 10. hxg3 Bg7 11. Qc2 dxc4 12. Bxc4 b5 13. Bd3 Bb7 14. O-O Qe7 15. Rac1 a6 16. Ne4 Rc8 17. Nfd2 f5 18. Nc5 Nxc5 19. dxc5 O-O 20. g4 Rcd8 21. Rfd1 Qf6 22. b4 fxg4 23. Ne4 Qe5 24. g3 h5 25. Nd6 Rd7 26. Bh7+ Kh8 27. Qg6 Qf6 28. Ne4 Qxg6 29. Bxg6 Rd5 30. Nd6 Bc8 31. Bxh5 Bb2 32. Rb1 Rxd1+ 33. Rxd1 Bc3 34. a3 a5 35. bxa5 Bxa5 36. Bxg4 Kg7 37. Kg2 Bc7 38. Bf3 e5 39. Bxc6 Bg4 40. f3 Bh5 41. Nxb5 Ba5 42. Rd7+ Kf6 43. Nd6 g4 44. Ne4+ Ke6 45. Ng5+ Kf5 46. f4 exf4 47. Rd5+ Kg6 48. exf4 Rb8 49. Rd6+ Kg7 50. Rd7+ Kf6 51. Rb7 Rxb7 52. Bxb7 Bg6 53. Bc8 Bh5 54. c6 Ke7 55. Bd7 Kd6 56. Ne4+ Kc7 57. Nf6 Bf7 58. Nxg4 Bd5+ 59. Kh3 Bc3 60. f5 Bb3 61. Kh4 Bb2 62. Nf2 Bxa3 63. g4 Bc2 64. f6 Bc5 65. Nh3 Kd6 66. Ng5 Bg6 67. f7 Ke7 68. f8=Q+ Kxf8 69. Ne6+ 1-0

[Event "25th Abu Dhabi Master 2018"]
[Site "Abu Dhabi"]
[Date "2018.08.15"]
[Round "9"]
[White "Pranav Vijay"]
[Black "Vignesh N R"]
[Result "1-0"]
[WhiteElo "2265"]
[BlackElo "2464"]
[Annotator "ChessBase"]
[PlyCount "111"]
[EventDate "2018.08.05"]
[EventType "swiss"]
[EventCountry "UAE"]
[SourceTitle "playchess.com"]
[Source "ChessBase"]
[SourceQuality "1"]

1. Nf3 c5 2. c4 Nc6 3. Nc3 Nf6 4. g3 d5 5. cxd5 Nxd5 6. Bg2 Nxc3 7. bxc3 e5 8. O-O Be7 9. d3 Be6 10. Nd2 Qd7 11. c4 Bh3 12. Rb1 Bxg2 13. Kxg2 h5 14. h4 O-O-O 15. Ne4 f5 16. Nc3 f4 17. Ne4 g5 18. hxg5 fxg3 19. Kxg3 Nd4 20. f3 Rdg8 21. Kh2 Rg6 22. Rg1 Rhg8 23. Qf1 b6 24. Qf2 Qf5 25. Ng3 Qf7 26. Ne4 Kc7 27. Be3 Nf5 28. Bd2 Nd4 29. Rg2 Qf5 30. Rbg1 Ne6 31. Qh4 Qf7 32. Rg3 Nd4 33. R3g2 Nf5 34. Qh3 h4 35. Nf6 Bxf6 36. Qxf5 Qg7 37. Rg4 Be7 38. Bc3 Bd6 39. f4 Qf8 40. Qxf8 Rxf8 41. fxe5 Be7 42. Bd2 Rf5 43. Bf4 Kd7 44. e3 Ke6 45. d4 cxd4 46. exd4 Rf8 47. d5+ Kf5 48. Kh3 Rc8 49. Rf1 Ke4 50. d6 Bd8 51. Bh2+ Kd3 52. Rf8 b5 53. c5 Ke2 54. c6 Rxc6 55. Rxd8 Rc3+ 56. Kxh4 1-0

[Event "25th Abu Dhabi Master 2018"]
[Site "Abu Dhabi"]
[Date "2018.08.15"]
[Round "9"]
[White "Srija, Seshadri"]
[Black "Villanueva, Nelson"]
[Result "1-0"]
[WhiteElo "2255"]
[BlackElo "2133"]
[Annotator "NA"]
[PlyCount "81"]
[EventDate "2018.08.05"]
[EventType "swiss"]
[EventCountry "UAE"]
[SourceTitle "playchess.com"]
[Source "ChessBase"]
[SourceQuality "1"]

1. e4 c6 2. d4 d5 3. e5 Bf5 4. Nf3 e6 5. Be2 Ne7 6. O-O Ng6 7. Ne1 h5 8. c3 c5 9. Nc2 Nc6 10. Ne3 Bxb1 11. Rxb1 cxd4 12. cxd4 Qb6 13. Nc2 h4 14. Be3 Nge7 15. b4 Nf5 16. b5 Na5 17. Bd3 g6 18. Qe1 Rc8 19. Bd2 Nc4 20. Bxc4 Nxd4 21. Nxd4 Qxd4 22. Bb3 h3 23. Qe3 Bc5 24. Rfc1 Qg4 25. Qg3 Qe4 26. gxh3 Rh5 27. Be3 d4 28. Bc2 Qd5 29. Bf4 g5 30. Bd2 Qxa2 31. Qf3 d3 32. Qxd3 Rd8 33. Qc3 Bxf2+ 34. Kxf2 Rxh3 35. Qxh3 Rxd2+ 36. Ke1 Rxc2 37. Qd3 Qa5+ 38. Kd1 Rxc1+ 39. Rxc1 Qa4+ 40. Ke2 Qg4+ 41. Qf3 1-0

[Event "25th Abu Dhabi Master 2018"]
[Site "Abu Dhabi"]
[Date "2018.08.15"]
[Round "9"]
[White "Dixit, Nikhil"]
[Black "Sidhant, Mohapatra"]
[Result "1/2-1/2"]
[WhiteElo "2240"]
[BlackElo "2341"]
[Annotator "NA"]
[PlyCount "26"]
[EventDate "2018.08.05"]
[EventType "swiss"]
[EventCountry "UAE"]
[SourceTitle "playchess.com"]
[Source "ChessBase"]
[SourceQuality "1"]

1. e4 c5 2. Nf3 e6 3. b3 b6 4. Bb2 Bb7 5. Nc3 a6 6. d4 cxd4 7. Nxd4 Qc7 8. a3 Nf6 9. Qd3 d6 10. O-O-O Nbd7 11. f3 Be7 12. Kb1 O-O 13. g4 Nc5 1/2-1/2